000 00593nam a22002057a 4500
999 _c8022
_d8022
003 OSt
005 20220831114226.0
008 220831b ||||| |||| 00| 0 eng d
020 _a9781771881203
040 _cddc
082 _a363 WAS 2016
100 _aMegh R. Goyal
_916314
245 _aWastewater management for irrigation:
_bPrinciples and Practices.
260 _aOakvi:
_bApple Academic Press;
_c2016,
300 _avi,444p.:
_bill;
_c26cm.
504 _aindex included.
650 _aWater quality management.
_916315
650 _aWastewater irrigation.
_916316
942 _2ddc
_cBOOK